El sector informal en las ciudades intermedias / (Registro nro. 12334)

Detalles MARC
000 -LEADER
fixed length control field 01746nam a2200289Ia 4500
003 - CONTROL NUMBER IDENTIFIER
control field OSt
005 - DATE AND TIME OF LATEST TRANSACTION
control field 20210903121246.0
008 - FIXED-LENGTH DATA ELEMENTS--GENERAL INFORMATION
fixed length control field 210310s1986 ck gr 000 0 spa d
020 ## - INTERNATIONAL STANDARD BOOK NUMBER
International Standard Book Number 9589061133
040 ## - CATALOGING SOURCE
Original cataloging agency CO-JMCR
Transcribing agency CO-JMCR
041 0# - LANGUAGE CODE
Language code of text/sound track or separate title spa
082 04 - DEWEY DECIMAL CLASSIFICATION NUMBER
Classification number 338.634 /
Item number U762s
Edition number 23
100 1# - MAIN ENTRY--PERSONAL NAME
Personal name Uribe Echevarría, Francisco,
Relator term autor
9 (RLIN) 27942
245 13 - TITLE STATEMENT
Title El sector informal en las ciudades intermedias /
Statement of responsibility, etc. Francisco Uribe Echavarría, Edgar Forero
250 ## - EDITION STATEMENT
Edition statement 1ª. edición.
260 ## - PUBLICATION, DISTRIBUTION, ETC.
Place of publication, distribution, etc. Bogotá :
Name of publisher, distributor, etc. Cerec,
Date of publication, distribution, etc. 1991.
300 ## - PHYSICAL DESCRIPTION
Extent 127 páginas :
Other physical details ilustraciones y gráficas en blanco y negro ;
Dimensions 19 cm.
490 0# - SERIES STATEMENT
Series statement Textos ;
Volume/sequential designation 8
500 ## - GENERAL NOTE
General note Datos biográficos de los autores en solapa frontal.
504 ## - BIBLIOGRAPHY, ETC. NOTE
Bibliography, etc. note Bibliografía : páginas 102-105.
505 0# - FORMATTED CONTENTS NOTE
Formatted contents note El sector informal: ¿Qué no es, y para quién trabaja?. -- La manofactura en pequeña escala y la urbanización en Colombia.
520 0# - SUMMARY, ETC.
Summary, etc. Este libro es el resultado de un esfuerzo por aclarar los efectos y las políticas de desconcentración espacial y de desarrollo de las ciudades intermedias y pequeñas.<br/>Con base en las dinámicas de este vasto sector eco nómico, conocido como el sector informal, dentro del cual la manufactura en pequeña escala es decisiva, se analizan estos fenómenos cruciales en la historia con temporánea de nuestro país.<br/>Con esta segunda edición los editores pretenden seguir ofreciendo al público lector, este texto de dos especialistas en la materia, que ya se ha constituido en un clásico de nuestra bibliografía.
650 14 - SUBJECT ADDED ENTRY--TOPICAL TERM
Topical term or geographic name entry element Sector informal
General subdivision Pymes
9 (RLIN) 39973
650 24 - SUBJECT ADDED ENTRY--TOPICAL TERM
Topical term or geographic name entry element Manofactura
General subdivision Pequeñas y medianas empresas
9 (RLIN) 39974
650 24 - SUBJECT ADDED ENTRY--TOPICAL TERM
Topical term or geographic name entry element Restricciones internas
General subdivision Pequeñas y medianas empresas
9 (RLIN) 39975
942 ## - ADDED ENTRY ELEMENTS (KOHA)
Source of classification or shelving scheme Dewey Decimal Classification
Koha item type Books
Existencias
Withdrawn status Lost status Source of classification or shelving scheme Damaged status Not for loan Home library Current library Shelving location Date acquired Source of acquisition Full call number Barcode Date last seen Copy number Price effective from Koha item type
    Dewey Decimal Classification     Biblioteca Pública José María del Castillo y Rada Biblioteca Pública José María del Castillo y Rada General Stacks 04/15/2018 Donación 338.634 / U762s 430005848 05/16/2024 Ej.1 03/10/2021 Books